II. metalurgické sympózium zborník prednášok : Trenčianske Teplice, 30.-31.10.1990 I. diel
| Corporate Author: | |
|---|---|
| Format: | Conference Proceeding Book |
| Language: | Slovak Czech English German |
| PhysicalDescription: | 248 strán fotografie, grafy, schémy, tabuľky 20 cm |
| Published: |
Žilina
Dom techniky ZSVTS
1990
|
| ISBN: | 8023101544 |
| Subjects: |
MARC
| LEADER | 00000cam a2200000 a 4500 | ||
|---|---|---|---|
| 001 | vtls001063638 | ||
| 003 | SK-MaSNL | ||
| 005 | 20260302030457.0 | ||
| 008 | 240226s1990 xo odl frn 100 s slo | ||
| 015 | |a SNBA1990/11 | ||
| 020 | |a 8023101544 |q (brožované) | ||
| 035 | |a SNK000006467 | ||
| 035 | |a urn:nbn:sk:snk-amke3l | ||
| 035 | |a urn:nbn:sk:snk-am0089v1 | ||
| 035 | |a 19DA4D2E-77E8-4DA0-8089-F7DA61BEDE1C | ||
| 040 | |a SNK |b slo |c SNK |e AACR2 | ||
| 041 | 0 | |a slo |a cze |a eng |a ger | |
| 043 | |a e-xo--- | ||
| 044 | |a xo |c SK | ||
| 072 | 7 | |a 669 |x Metalurgia |2 konspekt | |
| 080 | |a 669 |2 2011 | ||
| 080 | |a 669.13 |2 2011 | ||
| 080 | |a 005.745 |2 2011 | ||
| 080 | |a 437.641 |2 2011 | ||
| 080 | |a (042.3) |2 2011 | ||
| 080 | |a (062.534) |2 2011 | ||
| 111 | 2 | |a Metalurgické sympózium |n (2. : |d 1990 : |c Trenčianske Teplice, Slovensko) |4 aut |9 276993 | |
| 245 | 1 | 0 | |a II. metalurgické sympózium |n I. diel |b zborník prednášok : Trenčianske Teplice, 30.-31.10.1990 |
| 246 | 1 | 3 | |a Druhé metalurgické sympózium |n I. diel |b zborník prednášok : Trenčianske Teplice, 30.-31.10.1990 |
| 260 | |a Žilina |b Dom techniky ZSVTS |c 1990 | ||
| 300 | |a 248 strán |b fotografie, grafy, schémy, tabuľky |c 20 cm | ||
| 366 | |e 100 kusov | ||
| 500 | |a Vydala Zlievarenská spoločnosť, Ústredný výbor Brno, Československá spoločnosť pre náuku o kovoch pri ČSAV, Pobočka Žilina a Dom techniky ZSVTS, Žilina | ||
| 504 | |a Bibliografia na konci príspevkov | ||
| 546 | |a Články aj česky, anglicky a nemecky | ||
| 648 | 7 | |a 1990 |2 SNKPH |9 276735 | |
| 650 | 0 | 7 | |a metalurgia |2 SNKPH |9 941 |
| 650 | 0 | 7 | |a liatiny |2 SNKPH |9 84702 |
| 650 | 0 | 7 | |a sympózia |2 SNKPH |9 22177 |
| 651 | 7 | |a Trenčianske Teplice (Slovensko) |2 SNKPHgeo |9 14503 | |
| 655 | 7 | |a zborníky konferencií |2 SNKPH |9 70153 | |
| 655 | 7 | |a prednášky |2 SNKPH |9 70554 | |
| 710 | 2 | |a Zlievarenská spoločnosť. |b Ústredný výbor |4 pbl |9 276994 | |
| 710 | 2 | |a Československá spoločnosť pre náuku o kovoch pri ČSAV. |b Pobočka Žilina |4 pbl |9 276995 | |
| 852 | |a Slovenská národná knižnica | ||
| 919 | |a 80-231-0154-4 | ||
| 958 | |a RK | ||
| 958 | |a TL | ||
| 958 | |a OND | ||
| 958 | |a ZB | ||
| 958 | |a NB | ||
| 958 | |a EUIPO | ||
| 999 | |c 1047549 |d 1049479 | ||
| 952 | |a SNK |b SNK |y VYP |7 0 |p 17A0339191 |o snkSC 78590/1 D1 |i snkKSP 90/91 |0 0 |1 0 |4 0 |d 2002-04-02 |f 1 |l 0 |r 2004-12-31 00:00:00 |w 2026-02-24 | ||
| 952 | |a SNK |b SNK |y PREZ |7 0 |p 17A0991633 |o snkSC 78590/1 |0 0 |1 0 |4 0 |d 2012-08-09 |l 0 |r 2026-02-24 14:45:19 |w 2026-02-24 | ||


